00494nam a2200169 a 450000100060000000300090000600800410001502000150005604000280007108200190009910000350011824500690015325000120022226000230023430000170025765000500027425348CO-ViMGA141112s2004 ck r 000 u spa d a9587110625 aCO-ViMGAbspacCO-ViMGA04a347.052 CH181p1 aChavarro Colpas, Roberto Mario10aLa Prescripción Estintiva : bUn enfoque Integral de la Figura a2da ed. aColombia : bLeyer a280 p. 22 cm14aPrescripción - Renuncia - Caducidad Derecho